000 00508nam a2200169Ia 4500
008 090711s9999 xx 000 0 und d
082 _b25880
100 _aप्रफुल्लदत्त
245 _aलाटा आणि लहरी
260 _c1972
300 _a92
600 _aप्रफुल्लदत्त
630 _aलाटा आणि लहरी
700 _aप्रफुल्लदत्त
730 _aलाटा आणि लहरी
942 _cBOOK
999 _c289609
_d289609